Životní dráha a strukturované studium na vysokých školách

Rozvoj vzdelávania na vysokých školách v ČR. Rozdelenie vysokoškolského štúdia na bakalársky a magisterský stupeň a jeho súvislosti. Vyjadrenie rektorov verejných vysokých škôl v ČR k štrukturovanému vysokoškolskému vzdelávaniu.

Salvato in:
Dettagli Bibliografici
Autore principale: Prudký, Libor
Natura: Capitolo di libro
Lingua:ceco
Soggetti:
Tags: Aggiungi Tag
Nessun Tag, puoi essere il primo ad aggiungerne!!

MARC

LEADER 00000naa a2200000 4500
001 0141813
005 20230919105607.9
041 0 |a cze 
044 |a CZ 
245 1 0 |a Životní dráha a strukturované studium na vysokých školách  |c Libor Prudký 
520 |a Rozvoj vzdelávania na vysokých školách v ČR. Rozdelenie vysokoškolského štúdia na bakalársky a magisterský stupeň a jeho súvislosti. Vyjadrenie rektorov verejných vysokých škôl v ČR k štrukturovanému vysokoškolskému vzdelávaniu. 
610 2 0 |a Česko 
610 2 0 |a univerzity 
610 2 0 |a školy vysoké 
610 2 0 |a štúdium bakalárske 
610 2 0 |a štúdium magisterské 
610 2 0 |a vysokoškoláci 
610 2 0 |a vzdelávanie vysokoškolské 
610 2 0 |a kvalita vzdelávania 
610 2 0 |a reformy školské 
100 1 |a Prudký, Libor